|
|
|
|
| LEADER |
00000nam0a2200000 4500 |
| 001 |
243995 |
| 005 |
20231031210705.0 |
| 010 |
|
|
|a 5746406562
|
| 020 |
|
|
|a RU
|b 90-33342
|
| 035 |
|
|
|a (RuTPU)RU\TPU\book\265352
|
| 090 |
|
|
|a 243995
|
| 100 |
|
|
|a 20131011d1990 k y0rusy5003 ca
|
| 101 |
0 |
|
|a rus
|
| 102 |
|
|
|a RU
|
| 105 |
|
|
|a y z 001zy
|
| 200 |
1 |
|
|a Нелокальная асимптотика решений дифференциальных уравнений и ее приложения
|f Л. Д. Эскин
|
| 210 |
|
|
|a Казань
|c Изд-во Казан. ун-та
|d 1990
|
| 215 |
|
|
|a 295,[1] с.
|d 21 см
|
| 320 |
|
|
|a Библиогр.: с. 284-294
|
| 606 |
1 |
|
|a Дифференциальные уравнения
|x Решение
|2 stltpush
|3 (RuTPU)RU\TPU\subj\9701
|
| 610 |
1 |
|
|a асимптотические методы
|
| 610 |
1 |
|
|a задача Коши
|
| 610 |
1 |
|
|a математические приложения
|
| 610 |
1 |
|
|a физические приложения
|
| 675 |
|
|
|a 519.62
|z rus
|v 3
|
| 700 |
|
1 |
|a Эскин
|b Л. Д.
|4 070
|
| 801 |
|
0 |
|a RU
|b RuMRKP
|c 19950417
|g psbo
|
| 801 |
|
1 |
|a RU
|b 63413507
|c 20131011
|
| 801 |
|
2 |
|a RU
|b 63413507
|c 20131016
|g RCR
|
| 942 |
|
|
|c BK
|